| 000 | 00366nam a2200145Ia 4500 | ||
|---|---|---|---|
| 008 | 150201s1998 xx 000 0 und d | ||
| 082 |
_a615.8 _bT98H |
||
| 100 | _aHALL , CARRIE M. | ||
| 245 | _aTHERAPEUTIC EXECRCISE : MOVING TOWARD FUNCTION | ||
| 250 | _a1ST | ||
| 260 |
_bLIPPINCOTT _aINDIA _c1998 |
||
| 300 | _a1-707 | ||
| 650 | _aPHYSIOTHERAPY | ||
| 942 |
_2ddc _cBK |
||
| 999 |
_c1530 _d1530 |
||